Základní vztahy mezi podnikovou logistikou a ekonomikou Controlling v logistice. 1

Vysvetlenie pojmu controlling. Podnikový controlling. Uplatnenie v logistike. Logistický controlling. Zostavenie plánov a rozpočtov. Overovanie skutočnosti. Analýza odchýliek. Rozpracovanie a naplánovanie opatrení. Stanovenie nových plánových hodnôt.

Salvato in:
Dettagli Bibliografici
Autore principale: Petrbok, I.
Natura: Capitolo di libro
Lingua:ceco
Soggetti:
Tags: Aggiungi Tag
Nessun Tag, puoi essere il primo ad aggiungerne!!

MARC

LEADER 00000naa a2200000 4500
001 r021355
005 20230922085839.5
041 0 |a cze 
044 |a SK 
245 1 0 |a Základní vztahy mezi podnikovou logistikou a ekonomikou  |b Controlling v logistice. 1  |c I. Petrbok 
520 |a Vysvetlenie pojmu controlling. Podnikový controlling. Uplatnenie v logistike. Logistický controlling. Zostavenie plánov a rozpočtov. Overovanie skutočnosti. Analýza odchýliek. Rozpracovanie a naplánovanie opatrení. Stanovenie nových plánových hodnôt. 
610 2 0 |a logistika 
610 2 0 |a kontroling podnikový 
610 2 0 |a kontroling logistický 
610 2 0 |a pojmy 
610 2 0 |a riadenie podnikové 
610 2 0 |a manažment 
100 1 |a Petrbok, I.